Rugbymen par description. - Statistiques

Statistiques générales
  • Ce quiz a été pris 252 fois
  • Le résultat moyen est 11 sur 15
Statistiques - réponses
Descriptions Rugbymen % Correct
Je suis "Le Ministre de l'Intérieur". Actuellement le meilleur joueur du monde, sans débat possible. Un physique de troisième ligne dans un corps de demi de mêlée. Je sais tout faire : créer, défendre, marquer et même briller au rugby à 7. Un génie total, je suis... Antoine Dupont
97%
Je suis souvent considéré comme le meilleur n°10 de l'histoire. Un pied magique, une vision de jeu parfaite et une élégance rare. J'étais le chef d'orchestre des All Blacks, capable de gagner un match à moi seul. Je suis... Dan Carter
92%
Je suis "Le perfectionniste". Héros de l'Angleterre en 2003 (mon drop mythique en finale), j'ai révolutionné l'art du tir au but par mon travail acharné. Un défenseur féroce malgré mon poste de demi d'ouverture. J'ai notamment joué à Toulon, je suis... Johnny Wilkinson
84%
Mon surnom est "Caveman" et "L'homme de Cromagnon". Au-delà de mes qualités de joueur, je suis devenu une icône médiatique mondiale grâce à mon look de barbare et mes plaquages dévastateurs. J'ai incarné la puissance brute du XV de France dans les années 2000. Je suis... Sebastien Chabal
83%
Je suis un "serial scoreur". Une précision chirurgicale face aux poteaux et un talent de relanceur audacieux. Je suis le couteau suisse du XV de France et du Stade Toulousain, capable de punir la moindre faute adverse. Trashtalkeur de temps en temps, je suis... Thomas Ramos
80%
Je suis un attaquant né. Doté d'une vitesse de pointe fulgurante, j'ai réinventé le poste de n°10 puis de n°15 par ma capacité à transpercer les rideaux défensifs sur une accélération. Mes frères Jordie et Scott sont également dans le XV des Blacks, je suis... Beauden Barrett
77%
D'un instinct pur. Je suis un ailier français qui possède un sens de l'essai phénoménal. J'ai cette capacité rare à me trouver toujours au bon endroit et à éliminer mes adversaires par des appuis déroutants. Je suis... Damian Penaud
75%
Je suis en quelque sort la première superstar planétaire du rugby. Un ailier avec un physique de troisième ligne aile (120 kg). Ma performance à la Coupe du Monde 1995, où j'ai littéralement piétiné la défense anglaise et ai fait entrer le rugby dans l'ère professionnelle moderne. Je suis... Jonah Lomu
75%
Je suis "Le général irlandais". Un caractère volcanique et une science du jeu qui a porté l'Irlande au sommet mondial. Je suis un leader exigeant qui ai dirigé son équipe avec une précision clinique jusqu'à plus de 38 ans. Je suis... Johnny Sexton
71%
Mon surnom est "Le Magicien". Je suis un demi d'ouverture écossais dont l'imprévisibilité est incarnée. Capable de passes impossibles et de coups de génie tactiques, je joue au rugby comme on joue aux échecs, mais avec un grain de folie. Je suis... Finn Russell
70%
Mon surnom "L'Enforcer". Je suis un colosse sud-africain qui terrifie mes adversaires par ma puissance physique et mon regard d'acier. Je suis l'âme de la conquête des Springboks, un deuxième ligne capable de déplacer des montagnes. Champion du monde 2019 et 2023, je suis... Eben Etzebeth
69%
Le "pitbull" sud-africain. Je possède à peu près le même physique que mon compère ci-dessus. Malgré ma petite taille, je n'ai peur de rien, harcèle les géants adverses et possède un jeu au pied de pression qui est la clé du système des Springboks. Je suis... Faf De Klerk
66%
Je suis le capitaine ultime. Double champion du monde avec les All Blacks, j'étais le maître du "grattage" au sol. Toujours à la limite de la règle, je possédais un mental d'acier et une résistance à la douleur hors du commun. Souvent critiqué par mes adversaires, je suis... Richie McCaw
56%
Je constitue le "Malheur des autres". Je suis un troisième ligne aile sud-africain qui semble avoir trois poumons. Je suis partout sur le terrain, plaque tout ce qui bouge et ne baisse jamais d'intensité pendant 80 minutes. Meilleur joueur du monde en 2019 et 2024, je suis... Pieter-Steph Du Toit
54%
Je suis le "Casque d'Or". Plus vieux joueur de cette liste, je suis l'image même du courage français. Petit par la taille pour un troisième ligne, mais immense par le cœur. On se souvient de mon visage couvert de sang, symbole d'un rugby de sacrifice et de panache. Je suis... Jean-Pierre Rives
40%
Aucun quiz correspondant
Distribution des résultats
% des personnes avec chaque résultat
Percentile par nombre de réponses
Votre historique - résultats
Vous n’avez pas pris ce quiz